| 000 | 00495nam a2200169 i 4500 | ||
|---|---|---|---|
| 001 | 93113 | ||
| 003 | ES-MaACL | ||
| 005 | 20230906181128.0 | ||
| 007 | t| | ||
| 008 | 050407s1965 ag ||||1| spa d | ||
| 100 | 1 |
_aLomax, Louis E. _973173 |
|
| 245 | 1 | 3 |
_aLa rebelión de los negros / _cLouis E. Lomax; [traducción de Rubén M. Maresa]. |
| 260 |
_aBuenos Aires : _bHobbs, _c1965. |
||
| 300 |
_a302 p. ; _c19 cm. |
||
| 700 | 1 |
_aMaresa, Rubén M. _976592 |
|
| 852 |
_aES-MaACL _jC-29643 _bR.59852 |
||
| 999 |
_c93113 _d93113 |
||